|
|
|
|
| LEADER |
00000caa a22000002c 4500 |
| 001 |
191271051X |
| 003 |
DE-627 |
| 005 |
20250126055050.0 |
| 007 |
cr uuu---uuuuu |
| 008 |
241217s1996 xx |||||o 00| ||eng c |
| 024 |
7 |
|
|a 10.1080/23277556.1996.10871237
|2 doi
|
| 035 |
|
|
|a (DE-627)191271051X
|
| 035 |
|
|
|a (DE-599)KXP191271051X
|
| 040 |
|
|
|a DE-627
|b ger
|c DE-627
|e rda
|
| 041 |
|
|
|a eng
|
| 084 |
|
|
|a 2,1
|2 ssgn
|
| 100 |
1 |
|
|a Krafka, Carol
|e VerfasserIn
|4 aut
|
| 245 |
1 |
0 |
|a Stalking the increase in the rate of federal civil appeals
|
| 264 |
|
1 |
|c 1996
|
| 336 |
|
|
|a Text
|b txt
|2 rdacontent
|
| 337 |
|
|
|a Computermedien
|b c
|2 rdamedia
|
| 338 |
|
|
|a Online-Ressource
|b cr
|2 rdacarrier
|
| 700 |
1 |
|
|a Lombard, Patricia
|e VerfasserIn
|4 aut
|
| 700 |
1 |
|
|a Cecil, Joe S.
|e VerfasserIn
|4 aut
|
| 773 |
0 |
8 |
|i Enthalten in
|t The Justice system journal
|d Abingdon, Oxon : Routledge, Taylor & Francis Group, 1974
|g 18(1996), 3, Seite 233-255
|h Online-Ressource
|w (DE-627)556014340
|w (DE-600)2402954-3
|w (DE-576)294349499
|x 2327-7556
|7 nnas
|
| 773 |
1 |
8 |
|g volume:18
|g year:1996
|g number:3
|g pages:233-255
|
| 787 |
0 |
8 |
|i Forschungsdaten
|a Federal Judicial Center
|t Federal Court Cases: Integrated Data Base, 1970-2000
|d [Erscheinungsort nicht ermittelbar] : [Verlag nicht ermittelbar], 1990
|w (DE-627)1840049715
|
| 856 |
|
|
|u http://hdl.handle.net/2027/mdp.39015037859785
|x unpaywall
|z Vermutlich kostenfreier Zugang
|h repository [deprecated]
|
| 856 |
4 |
0 |
|u https://doi.org/10.1080/23277556.1996.10871237
|x Resolving-System
|z kostenfrei
|3 Volltext
|7 0
|
| 935 |
|
|
|a mkri
|
| 951 |
|
|
|a AR
|
| ELC |
|
|
|a 1
|
| LOK |
|
|
|0 000 xxxxxcx a22 zn 4500
|
| LOK |
|
|
|0 001 463767607X
|
| LOK |
|
|
|0 003 DE-627
|
| LOK |
|
|
|0 004 191271051X
|
| LOK |
|
|
|0 005 20241217045020
|
| LOK |
|
|
|0 008 241217||||||||||||||||ger|||||||
|
| LOK |
|
|
|0 035
|a (DE-2619)ICPSR137205
|
| LOK |
|
|
|0 040
|a DE-2619
|c DE-627
|d DE-2619
|
| LOK |
|
|
|0 092
|o n
|
| LOK |
|
|
|0 852
|a DE-2619
|
| LOK |
|
|
|0 852 1
|9 00
|
| LOK |
|
|
|0 935
|a nacp
|
| LOK |
|
|
|0 939
|a 17-12-24
|b l01
|
| OAS |
|
|
|a 1
|
| ORI |
|
|
|a SA-MARC-krimdoka001.raw
|